000
00263 a2200109 4500
000
nam a22 7a 4500
005
20260306131242.0
020
_a
9789332706620
245
_a
India Industrial Development Report 2024-25
260
_b
ISID
_c
2025
942
_c
TEXL
999
_c
1688504
_d
1688504